Statistical yearbook 1999 forty-sixth issue, CD-ROM version

Salvato in:
Dettagli Bibliografici
Natura: Libro
Lingua:inglese
francese
Pubblicazione: New York United Nations 2002
Soggetti:
Tags: Aggiungi Tag
Nessun Tag, puoi essere il primo ad aggiungerne!!

MARC

LEADER 00000nam a2200000 4500
001 0047234
005 20191211125215.5
020 |a 92-1-161445-7 
022 |a 1020-1114 
041 0 |a eng 
041 0 |a fre 
044 |a US 
245 1 0 |a Statistical yearbook 1999  |b forty-sixth issue, CD-ROM version 
264 1 |a New York  |b United Nations  |c 2002 
300 |a CD-ROM 
610 2 0 |a údaje štatistické 
610 2 0 |a tabuľky štatistické 
610 2 0 |a ekonómia 
610 2 0 |a spoločnosť 
610 2 0 |a politika sociálna 
610 2 0 |a politika hospodárska 
610 2 0 |a situácia hospodárska 
610 2 0 |a potreby obyvateľstva 
610 2 0 |a populácia 
610 2 0 |a demografia 
610 2 0 |a porovnanie štatistické medzinárodné 
610 2 0 |a 1999